Normal view
MARC view
- Morales Carrero, Jesús Alfredo
Entry Nombre Personal
001 - NUMERO DE CONTROL
- campo de control: 59705
003 - IDENTIFICADOR DE NUMERO DE CONTROL
- campo de control: UPN
005 - FECHA Y HORA DE LA ÜLTIMA TRANSACCIÓN
- campo de control: 20260526110952.0
008 - DATOS DE LONGITUD FIJA
- campo de control de longitud fija: 260526|| acn||aabn | a|a d
024 7# - OTROS IDENTIFICADORES NORMALIZADOS
- Fuente: orcid
- Número normalizado o código: https://orcid.org/0000-0002-8379-2482
040 ## - FUENTE DE CATALOGACIÓN
- Agencia original de catalogación: MX-MxUPN
100 1# - ENCABEZAMIENTO - NOMBRE PERSONAL
- Nombre personal: Morales Carrero, Jesús Alfredo
370 ## - LUGAR ASOCIADO
- Associated country: Venezuela
371 ## - DIRECCIÓN
- Electronic mail address: lectoescrituraula@gmail.com
372 ## - CAMPO DE ACTIVIDAD
- Field of activity: Ciencias de la educación. Ciencias políticas
- Field of activity: Orientación educativa. Estudios sociales
373 ## - GRUPO ASOCIADO
- Associated group: Universidad de Los Andes. Venezuela
374 ## - OCUPACIÓN
- Occupation: Docencia e investigación universitaria
670 ## - FUENTE EN LA QUE SE LOCALIZARON DATOS
- Cita de la fuente: En recurso en línea: REDINE, Vol. 17, no. 1 (2025)
- Información localizada: (Jesús Alfredo Carrero Morales)
- Uniform Resource Identifier: https://revistas.uclave.org/index.php/redine/article/view/5132/3660
- Uniform Resource Identifier: https://orcid.org/0000-0002-8379-2482
902 ## - CATALOGADOR
- Catalogador: Leonor Sotres/250526
